[Event "Deutsche Ländermeisterschaft 2023"]
[Site "Hannover GER"]
[Date "2023.10.01"]
[Round "2"]
[White "Börner, Emma Charlotte"]
[Black "Albrecht, Sidney Jenna"]
[Result "1/2-1/2"]
[Termination "normal"]
[Board "7.8"]
[WhiteElo "1107"]
[BlackElo "1030"]
[WhiteClock "00:39:30"]
[BlackClock "00:11:05"]
[WhiteTeam "Brandenburg"]
[BlackTeam "Thüringen"]
[PlyCount "117"]
[WhiteFideId "34637907"]
[BlackFideId "34660283"]
[EventCountry "GER"]
[EventRounds "7"]
[EventType "team-swiss"]
[EventDate "2023.09.30"]

1. e4 {[%clk 01:30:55]} {[%emt 00:00:04]} c5 {[%clk 01:30:52]} {[%emt
00:00:09]} 2. Nc3 {[%clk 01:31:17]} {[%emt 00:00:08]} Nc6 {[%clk 01:31:08]}
{[%emt 00:00:13]} 3. g3 {[%clk 01:31:25]} {[%emt 00:00:22]} g6 {[%clk
01:31:12]} {[%emt 00:00:26]} 4. Bg2 {[%clk 01:31:42]} {[%emt 00:00:12]} Bg7
{[%clk 01:31:00]} {[%emt 00:00:43]} 5. d3 {[%clk 01:31:46]} {[%emt 00:00:25]}
e6 {[%clk 01:30:33]} {[%emt 00:00:59]} 6. Nge2 {[%clk 01:31:46]} {[%emt
00:00:30]} Nge7 {[%clk 01:30:11]} {[%emt 00:00:52]} 7. Be3 {[%clk 01:31:51]}
{[%emt 00:00:22]} b6 {[%clk 01:29:24]} {[%emt 00:01:20]} 8. Qd2 {[%clk
01:31:48]} {[%emt 00:00:32]} O-O {[%clk 01:28:19]} {[%emt 00:01:35]} 9. Bh6
{[%clk 01:31:54]} {[%emt 00:00:24]} d5 {[%clk 01:24:49]} {[%emt 00:04:00]} 10.
Bxg7 {[%clk 01:30:00]} {[%emt 00:02:23]} Kxg7 {[%clk 01:24:58]} {[%emt
00:00:21]} 11. exd5 {[%clk 01:29:13]} {[%emt 00:01:17]} exd5 {[%clk 01:24:42]}
{[%emt 00:00:46]} 12. d4 {[%clk 01:28:50]} {[%emt 00:00:52]} Kg8 {[%clk
01:22:10]} {[%emt 00:03:03]} 13. O-O-O {[%clk 01:28:45]} {[%emt 00:00:36]} c4
{[%clk 01:17:49]} {[%emt 00:04:51]} 14. h4 {[%clk 01:28:08]} {[%emt 00:01:06]}
Be6 {[%clk 01:13:02]} {[%emt 00:05:17]} 15. h5 {[%clk 01:26:50]} {[%emt
00:01:48]} Qd7 {[%clk 01:10:49]} {[%emt 00:02:44]} 16. hxg6 {[%clk 01:26:06]}
{[%emt 00:01:13]} fxg6 {[%clk 01:10:31]} {[%emt 00:00:49]} 17. Qh6 {[%clk
01:24:31]} {[%emt 00:02:03]} Nf5 {[%clk 01:10:16]} {[%emt 00:00:46]} 18. Qg5
{[%clk 01:22:16]} {[%emt 00:02:43]} Rad8 {[%clk 01:05:08]} {[%emt 00:05:40]}
19. g4 {[%clk 01:20:11]} {[%emt 00:02:34]} Ng7 {[%clk 01:00:29]} {[%emt
00:05:10]} 20. f3 {[%clk 01:18:47]} {[%emt 00:01:52]} Ne8 {[%clk 00:53:34]}
{[%emt 00:07:26]} 21. Rh3 {[%clk 01:13:15]} {[%emt 00:05:59]} Nd6 {[%clk
00:50:23]} {[%emt 00:03:46]} 22. Nxd5 {[%clk 01:09:14]} {[%emt 00:04:31]} Bxd5
{[%clk 00:48:46]} {[%emt 00:02:06]} 23. Qxd5+ {[%clk 01:09:09]} {[%emt
00:00:34]} Kh8 {[%clk 00:45:54]} {[%emt 00:03:23]} 24. Rdh1 {[%clk 01:05:53]}
{[%emt 00:03:44]} Rf7 {[%clk 00:43:08]} {[%emt 00:03:19]} 25. Nc3 {[%clk
01:04:26]} {[%emt 00:01:57]} Re8 {[%clk 00:39:19]} {[%emt 00:04:19]} 26. Kd2
{[%clk 01:02:51]} {[%emt 00:02:03]} Rfe7 {[%clk 00:32:27]} {[%emt 00:07:23]}
27. f4 {[%clk 01:01:42]} {[%emt 00:01:37]} Nb4 {[%clk 00:31:22]} {[%emt
00:01:37]} 28. Qf3 {[%clk 00:59:53]} {[%emt 00:02:19]} Nb5 {[%clk 00:28:10]}
{[%emt 00:03:42]} 29. a3 {[%clk 00:59:15]} {[%emt 00:01:07]} Qxd4+ {[%clk
00:27:13]} {[%emt 00:01:28]} 30. Kc1 {[%clk 00:57:49]} {[%emt 00:01:54]} Re1+
{[%clk 00:26:21]} {[%emt 00:01:24]} 31. Rxe1 {[%clk 00:57:28]} {[%emt
00:00:50]} Rxe1+ {[%clk 00:26:39]} {[%emt 00:00:13]} 32. Nd1 {[%clk 00:56:11]}
{[%emt 00:01:46]} Na2+ {[%clk 00:25:41]} {[%emt 00:01:29]} 33. Kb1 {[%clk
00:56:17]} {[%emt 00:00:25]} Rxd1+ {[%clk 00:24:22]} {[%emt 00:01:48]} 34. Kxa2
{[%clk 00:56:27]} {[%emt 00:00:20]} Nc7 {[%clk 00:21:48]} {[%emt 00:03:04]} 35.
Qc3 {[%clk 00:54:27]} {[%emt 00:02:23]} b5 {[%clk 00:20:29]} {[%emt 00:01:57]}
36. Qxd4+ {[%clk 00:53:51]} {[%emt 00:01:05]} Rxd4 {[%clk 00:20:39]} {[%emt
00:00:19]} 37. f5 {[%clk 00:53:18]} {[%emt 00:01:02]} gxf5 {[%clk 00:20:07]}
{[%emt 00:01:05]} 38. gxf5 {[%clk 00:53:23]} {[%emt 00:00:24]} a5 {[%clk
00:18:53]} {[%emt 00:01:45]} 39. b4 {[%clk 00:51:55]} {[%emt 00:01:57]} axb4
{[%clk 00:18:04]} {[%emt 00:01:20]} 40. axb4 {[%clk 00:51:58]} {[%emt
00:00:25]} Na6 {[%clk 00:17:16]} {[%emt 00:01:19]} 41. Ka3 {[%clk 00:51:19]}
{[%emt 00:01:07]} c3 {[%clk 00:16:01]} {[%emt 00:01:46]} 42. Rxc3 {[%clk
00:50:42]} {[%emt 00:01:07]} Rxb4 {[%clk 00:16:00]} {[%emt 00:00:31]} 43. Rc8+
{[%clk 00:49:36]} {[%emt 00:01:35]} Kg7 {[%clk 00:16:04]} {[%emt 00:00:27]} 44.
Bb7 {[%clk 00:49:03]} {[%emt 00:01:02]} Ra4+ {[%clk 00:15:56]} {[%emt
00:00:39]} 45. Kb3 {[%clk 00:48:43]} {[%emt 00:00:48]} h5 {[%clk 00:14:14]}
{[%emt 00:02:14]} 46. Bxa6 {[%clk 00:47:43]} {[%emt 00:01:31]} Rxa6 {[%clk
00:14:14]} {[%emt 00:00:29]} 47. Rb8 {[%clk 00:46:16]} {[%emt 00:01:56]} h4
{[%clk 00:14:08]} {[%emt 00:00:37]} 48. Rb7+ {[%clk 00:44:18]} {[%emt
00:02:26]} Kf6 {[%clk 00:14:07]} {[%emt 00:00:32]} 49. Rh7 {[%clk 00:43:30]}
{[%emt 00:01:17]} Kg5 {[%clk 00:13:32]} {[%emt 00:01:04]} 50. Rg7+ {[%clk
00:41:35]} {[%emt 00:02:27]} Kxf5 {[%clk 00:13:08]} {[%emt 00:00:55]} 51. Rg1
{[%clk 00:41:33]} {[%emt 00:00:32]} Rh6 {[%clk 00:13:07]} {[%emt 00:00:31]} 52.
Kb4 {[%clk 00:41:07]} {[%emt 00:00:55]} Kf4 {[%clk 00:12:52]} {[%emt 00:00:47]}
53. Kxb5 {[%clk 00:40:53]} {[%emt 00:00:43]} h3 {[%clk 00:12:46]} {[%emt
00:00:36]} 54. c4 {[%clk 00:40:23]} {[%emt 00:01:00]} h2 {[%clk 00:12:53]}
{[%emt 00:00:23]} 55. Rh1 {[%clk 00:40:03]} {[%emt 00:00:50]} Kg3 {[%clk
00:12:49]} {[%emt 00:00:34]} 56. c5 {[%clk 00:39:45]} {[%emt 00:00:45]} Kg2
{[%clk 00:12:58]} {[%emt 00:00:23]} 57. Rxh2+ {[%clk 00:39:06]} {[%emt
00:01:09]} Kxh2 {[%clk 00:12:17]} {[%emt 00:01:11]} 58. c6 {[%clk 00:39:25]}
{[%emt 00:00:11]} Rxc6 {[%clk 00:11:05]} {[%emt 00:01:41]} 59. Kxc6 {[%clk
00:39:30]} {[%emt 00:00:25]} 1/2-1/2

[Event "Deutsche Ländermeisterschaft 2023"]
[Site "Hannover GER"]
[Date "2023.10.02"]
[Round "3"]
[White "Nguyen, Alex Dac-Vuong"]
[Black "Besou, Hussain"]
[Result "1/2-1/2"]
[Termination "normal"]
[Board "1.1"]
[WhiteTitle "FM"]
[BlackTitle "FM"]
[WhiteElo "2333"]
[BlackElo "2353"]
[WhiteClock "00:08:49"]
[BlackClock "00:16:49"]
[WhiteTeam "Sachsen"]
[BlackTeam "Nordrhein-Westfalen"]
[PlyCount "91"]
[WhiteFideId "12984388"]
[BlackFideId "16269950"]
[EventCountry "GER"]
[EventRounds "7"]
[EventType "team-swiss"]
[EventDate "2023.09.30"]

1. Nf3 {[%clk 01:30:57]} {[%emt 00:00:03]} d5 {[%clk 01:30:53]} {[%emt
00:00:07]} 2. g3 {[%clk 01:31:22]} {[%emt 00:00:05]} Nf6 {[%clk 01:31:00]}
{[%emt 00:00:22]} 3. Bg2 {[%clk 01:31:48]} {[%emt 00:00:05]} e6 {[%clk
01:31:00]} {[%emt 00:00:30]} 4. O-O {[%clk 01:32:12]} {[%emt 00:00:05]} Be7
{[%clk 01:31:27]} {[%emt 00:00:03]} 5. c4 {[%clk 01:32:36]} {[%emt 00:00:06]}
O-O {[%clk 01:31:51]} {[%emt 00:00:06]} 6. d4 {[%clk 01:33:01]} {[%emt
00:00:06]} c6 {[%clk 01:30:38]} {[%emt 00:01:42]} 7. Qc2 {[%clk 01:33:11]}
{[%emt 00:00:19]} b6 {[%clk 01:30:52]} {[%emt 00:00:16]} 8. Rd1 {[%clk
01:32:47]} {[%emt 00:00:55]} Nbd7 {[%clk 01:28:58]} {[%emt 00:02:23]} 9. b3
{[%clk 01:33:01]} {[%emt 00:00:17]} Bb7 {[%clk 01:28:47]} {[%emt 00:00:40]} 10.
Nc3 {[%clk 01:33:21]} {[%emt 00:00:11]} Rc8 {[%clk 01:24:31]} {[%emt 00:04:46]}
11. e4 {[%clk 01:32:23]} {[%emt 00:01:27]} dxe4 {[%clk 01:23:16]} {[%emt
00:01:45]} 12. Nxe4 {[%clk 01:32:47]} {[%emt 00:00:07]} Nxe4 {[%clk 01:23:34]}
{[%emt 00:00:12]} 13. Qxe4 {[%clk 01:33:12]} {[%emt 00:00:05]} Nf6 {[%clk
01:23:47]} {[%emt 00:00:17]} 14. Qc2 {[%clk 01:33:30]} {[%emt 00:00:12]} Qc7
{[%clk 01:22:34]} {[%emt 00:01:43]} 15. Bf4 {[%clk 01:33:27]} {[%emt 00:00:33]}
Bd6 {[%clk 01:21:47]} {[%emt 00:01:17]} 16. Bxd6 {[%clk 01:33:52]} {[%emt
00:00:06]} Qxd6 {[%clk 01:22:13]} {[%emt 00:00:04]} 17. c5 {[%clk 01:29:41]}
{[%emt 00:04:41]} Qc7 {[%clk 01:20:18]} {[%emt 00:02:24]} 18. Ne5 {[%clk
01:15:38]} {[%emt 00:14:34]} Rfd8 {[%clk 01:16:13]} {[%emt 00:04:35]} 19. Nc4
{[%clk 01:08:32]} {[%emt 00:07:36]} bxc5 {[%clk 01:12:39]} {[%emt 00:04:04]}
20. dxc5 {[%clk 01:08:15]} {[%emt 00:00:47]} Nd5 {[%clk 01:12:50]} {[%emt
00:00:19]} 21. Nd6 {[%clk 01:06:47]} {[%emt 00:01:58]} Rb8 {[%clk 01:13:09]}
{[%emt 00:00:10]} 22. Qd2 {[%clk 01:04:31]} {[%emt 00:02:46]} a5 {[%clk
01:03:26]} {[%emt 00:10:13]} 23. a3 {[%clk 01:01:34]} {[%emt 00:03:27]} Bc8
{[%clk 00:55:00]} {[%emt 00:08:56]} 24. Rab1 {[%clk 00:58:36]} {[%emt
00:03:28]} Bd7 {[%clk 00:50:50]} {[%emt 00:04:40]} 25. Nc4 {[%clk 00:48:17]}
{[%emt 00:10:51]} Rb5 {[%clk 00:45:45]} {[%emt 00:05:34]} 26. b4 {[%clk
00:46:44]} {[%emt 00:02:03]} axb4 {[%clk 00:45:56]} {[%emt 00:00:18]} 27. axb4
{[%clk 00:47:10]} {[%emt 00:00:05]} Rbb8 {[%clk 00:43:19]} {[%emt 00:03:07]}
28. Rdc1 {[%clk 00:40:20]} {[%emt 00:07:20]} Bc8 {[%clk 00:38:34]} {[%emt
00:05:15]} 29. Nd6 {[%clk 00:36:17]} {[%emt 00:04:33]} Bd7 {[%clk 00:34:53]}
{[%emt 00:04:11]} 30. Rb2 {[%clk 00:31:40]} {[%emt 00:05:07]} Ra8 {[%clk
00:32:31]} {[%emt 00:02:52]} 31. Bxd5 {[%clk 00:30:56]} {[%emt 00:01:15]} exd5
{[%clk 00:32:19]} {[%emt 00:00:41]} 32. Ra2 {[%clk 00:25:35]} {[%emt 00:05:51]}
Rxa2 {[%clk 00:25:30]} {[%emt 00:07:20]} 33. Qxa2 {[%clk 00:25:42]} {[%emt
00:00:23]} Bh3 {[%clk 00:24:25]} {[%emt 00:01:35]} 34. Qe2 {[%clk 00:21:33]}
{[%emt 00:04:38]} Qd7 {[%clk 00:20:15]} {[%emt 00:04:41]} 35. f3 {[%clk
00:14:36]} {[%emt 00:07:28]} Qa7 {[%clk 00:18:18]} {[%emt 00:02:25]} 36. Re1
{[%clk 00:10:11]} {[%emt 00:04:56]} h6 {[%clk 00:16:35]} {[%emt 00:02:14]} 37.
Qb2 {[%clk 00:06:36]} {[%emt 00:04:04]} Rb8 {[%clk 00:12:39]} {[%emt 00:04:26]}
38. Re8+ {[%clk 00:05:10]} {[%emt 00:01:57]} Rxe8 {[%clk 00:12:46]} {[%emt
00:00:23]} 39. Nxe8 {[%clk 00:05:38]} {[%emt 00:00:02]} f6 {[%clk 00:13:09]}
{[%emt 00:00:07]} 40. Kf2 {[%clk 00:04:34]} {[%emt 00:01:34]} Qa6 {[%clk
00:07:53]} {[%emt 00:05:46]} 41. Qe2 {[%clk 00:01:53]} {[%emt 00:03:11]} Qa1
{[%clk 00:04:01]} {[%emt 00:04:21]} 42. g4 {[%clk 00:27:37]} {[%emt 00:04:46]}
Qd4+ {[%clk 00:25:19]} {[%emt 00:09:12]} 43. Qe3 {[%clk 00:15:26]} {[%emt
00:12:41]} Qb2+ {[%clk 00:17:18]} {[%emt 00:08:31]} 44. Qe2 {[%clk 00:15:38]}
{[%emt 00:00:19]} Qd4+ {[%clk 00:16:27]} {[%emt 00:01:19]} 45. Qe3 {[%clk
00:16:01]} {[%emt 00:00:08]} Qb2+ {[%clk 00:16:49]} {[%emt 00:00:08]} 46. Qe2
{[%clk 00:08:49]} {[%emt 00:07:42]} 1/2-1/2

[Event "Deutsche Ländermeisterschaft 2023"]
[Site "Hannover GER"]
[Date "2023.10.02"]
[Round "3"]
[White "Gallasch, Jonas"]
[Black "Heinrich, John"]
[Result "1/2-1/2"]
[Termination "normal"]
[Board "1.2"]
[WhiteTitle "FM"]
[WhiteElo "2269"]
[BlackElo "2280"]
[WhiteClock "00:10:35"]
[BlackClock "00:23:33"]
[WhiteTeam "Nordrhein-Westfalen"]
[BlackTeam "Sachsen"]
[PlyCount "48"]
[WhiteFideId "16222474"]
[BlackFideId "16259491"]
[EventCountry "GER"]
[EventRounds "7"]
[EventType "team-swiss"]
[EventDate "2023.09.30"]

1. d4 {[%clk 01:30:57]} {[%emt 00:00:01]} Nf6 {[%clk 01:30:49]} {[%emt
00:00:11]} 2. c4 {[%clk 01:31:24]} {[%emt 00:00:04]} g6 {[%clk 01:30:54]}
{[%emt 00:00:25]} 3. f3 {[%clk 01:31:48]} {[%emt 00:00:06]} d5 {[%clk
01:30:50]} {[%emt 00:00:34]} 4. cxd5 {[%clk 01:32:12]} {[%emt 00:00:05]} Nxd5
{[%clk 01:31:07]} {[%emt 00:00:13]} 5. e4 {[%clk 01:32:37]} {[%emt 00:00:05]}
Nb6 {[%clk 01:31:27]} {[%emt 00:00:10]} 6. Nc3 {[%clk 01:33:01]} {[%emt
00:00:06]} Bg7 {[%clk 01:31:16]} {[%emt 00:00:40]} 7. Be3 {[%clk 01:33:26]}
{[%emt 00:00:06]} O-O {[%clk 01:30:46]} {[%emt 00:01:00]} 8. Qd2 {[%clk
01:33:51]} {[%emt 00:00:05]} Nc6 {[%clk 01:30:23]} {[%emt 00:00:52]} 9. O-O-O
{[%clk 01:34:14]} {[%emt 00:00:08]} Qd6 {[%clk 01:30:41]} {[%emt 00:00:13]} 10.
Nb5 {[%clk 01:21:18]} {[%emt 00:13:25]} Qd7 {[%clk 01:29:48]} {[%emt 00:01:24]}
11. Kb1 {[%clk 01:20:04]} {[%emt 00:01:44]} Rd8 {[%clk 01:14:42]} {[%emt
00:15:35]} 12. d5 {[%clk 01:11:45]} {[%emt 00:08:49]} Ne5 {[%clk 01:07:51]}
{[%emt 00:07:21]} 13. Qc2 {[%clk 01:06:53]} {[%emt 00:05:22]} e6 {[%clk
00:48:19]} {[%emt 00:20:03]} 14. Nxc7 {[%clk 00:45:22]} {[%emt 00:22:01]} Nbc4
{[%clk 00:44:30]} {[%emt 00:04:19]} 15. Bxc4 {[%clk 00:39:14]} {[%emt
00:06:38]} Qxc7 {[%clk 00:44:52]} {[%emt 00:00:08]} 16. Bb3 {[%clk 00:36:22]}
{[%emt 00:03:22]} Qxc2+ {[%clk 00:41:35]} {[%emt 00:03:48]} 17. Kxc2 {[%clk
00:35:34]} {[%emt 00:01:17]} exd5 {[%clk 00:40:49]} {[%emt 00:01:16]} 18. Bxd5
{[%clk 00:34:54]} {[%emt 00:01:10]} Be6 {[%clk 00:38:37]} {[%emt 00:02:42]} 19.
Ne2 {[%clk 00:20:41]} {[%emt 00:14:42]} Bxd5 {[%clk 00:32:46]} {[%emt
00:06:21]} 20. Rxd5 {[%clk 00:20:00]} {[%emt 00:01:11]} Nc4 {[%clk 00:30:38]}
{[%emt 00:02:38]} 21. Bc1 {[%clk 00:16:56]} {[%emt 00:03:34]} Rxd5 {[%clk
00:25:52]} {[%emt 00:05:17]} 22. exd5 {[%clk 00:17:21]} {[%emt 00:00:05]} Rd8
{[%clk 00:25:56]} {[%emt 00:00:26]} 23. Rd1 {[%clk 00:15:21]} {[%emt 00:02:29]}
Nb6 {[%clk 00:23:59]} {[%emt 00:02:27]} 24. d6 {[%clk 00:10:35]} {[%emt
00:05:17]} Be5 {[%clk 00:23:33]} {[%emt 00:00:56]} 1/2-1/2